|
|
|
|
| LEADER |
01416nam a22002897a 4500 |
| 001 |
44215 |
| 003 |
BD-DhAAL |
| 005 |
20250305123048.0 |
| 008 |
250305t2025 ||||| b||| 00| 0 eng d |
| 020 |
|
|
|a 9798309986743
|
| 040 |
|
|
|a BD-DhAAL
|c BD-DhAAL
|
| 082 |
|
|
|a 823
|2 23
|
| 100 |
|
|
|a Archer, Tes,
|e author.
|9 57899
|
| 245 |
|
|
|a Twice broken /
|c Tes Archer.
|
| 260 |
|
|
|a [place not identified] :
|b independently published,
|c c2025.
|
| 300 |
|
|
|a 482 pages ;
|c 21 cm
|
| 400 |
|
|
|a Tasmia Dulok Mithia, Umme.
|
| 504 |
|
|
|a Includes bibliographical references.
|
| 541 |
|
|
|a Donated by Umme Tasmia Dulok Mithia
Student ID : 24110036
|e 44215, 44216
|
| 650 |
|
|
|a English fiction.
|
| 650 |
|
|
|a English literature.
|
| 655 |
|
|
|a Romantic fiction.
|9 57906
|
| 852 |
|
|
|a Ayesha Abed Library
|c General Stacks
|
| 942 |
|
|
|2 ddc
|c BK
|
| 999 |
|
|
|c 47256
|d 47256
|
| 952 |
|
|
|0 0
|1 0
|2 ddc
|4 0
|6 823_000000000000000_ARC
|7 0
|9 77450
|a BRACUL
|b BRACUL
|c NEW
|d 2025-03-05
|e Donated by Umme Tasmia Dulok Mithia (student ID : 24110036)
|l 4
|m 21
|o 823 ARC
|p 3010044215
|r 2026-04-13
|s 2025-11-19
|t 1
|w 2025-03-05
|y BK
|x Donated by Umme Tasmia Dulok Mithia (student ID : 24110036) ;
|
| 952 |
|
|
|0 0
|1 0
|2 ddc
|4 0
|6 823_000000000000000_ARC
|7 0
|9 77451
|a BRACUL
|b BRACUL
|c GEN
|d 2025-03-05
|e Donated by Umme Tasmia Dulok Mithia (student ID : 24110036)
|l 5
|m 16
|o 823 ARC
|p 3010044216
|r 2026-04-16
|s 2025-12-22
|t 2
|w 2025-03-05
|y BK
|x Donated by Umme Tasmia Dulok Mithia (student ID : 24110036)
|